| 000 | 01921nam a22003017a 4500 | ||
|---|---|---|---|
| 999 |
_c63099 _d63099 |
||
| 003 | Ge_BSU | ||
| 005 | 20250602170612.0 | ||
| 008 | 250602s2022 ge ||||| |||| 00| 0 geo d | ||
| 020 | _a9789941315107 | ||
| 041 | _ageo | ||
| 080 | _a51(075.8) მ-15 | ||
| 245 |
_aმათემატიკა: მასწავლებლის წიგნი: _bმე-10 კლასი. 2 სემესტრი / _c ავტორები : გ. გოგიშვილი, თეიმურაზ ვეფხვაძე, ია მებონია, ლამარა ქურჩიშვილი; რედ. თეიმურაზ ვეფხვაძე,. |
||
| 250 | _aპირველი გამოცემა | ||
| 264 |
_aთბილისი: _bინტელექტი, _c2022. |
||
| 300 |
_a154 გვ. ; _b28 სმ. |
||
| 500 | _aგრიფმინიჭებულია საქართველოს განათლებისა და მეცნიერების სამინისტროს მიერ 2022 წელს. | ||
| 504 | _aბიბლიოგრ. გვ. 151-152 | ||
| 653 | _aგანტოლება | ||
| 653 | _aალგებრული გამოსახულება | ||
| 653 | _aგეომეტრიული ფიგურები | ||
| 700 |
_aგოგიშვილი, გ. _eავტორი _924285 |
||
| 700 |
_aვეფხვაძე, თეიმურაზ _eავტორი _925212 |
||
| 700 |
_aმებონია, ია _eავტორი _95603 |
||
| 700 |
_aქურჩიშვილი, ლამარა _eავტორი _925213 |
||
| 700 |
_aვეფხვაძე, თეიმურაზ _eრედაქტორი _925212 |
||
| 856 |
_uhttps://www.interbusiness.edu.ge/storage/books/67d01077c51db.pdf _yელ. ვერსია |
||
| 942 |
_2udc _cᲬᲘᲒᲜᲘ |
||